Cavs 2014-15 Roster - Statistics

General Stats
  • This quiz has been taken 15 times
  • The average score is 8 of 20
Answer Stats
Hint Answer % Correct
23 LeBron James
100%
5 J.R. Smith
91%
0 Kevin Love
91%
2 Kyrie Irving
91%
13 Tristan Thompson
91%
4 Iman Shumpert
55%
3 Dion Waiters
45%
1 James Jones
45%
8 Matthew Dellavedova
45%
17 Anderson Varejão
36%
18 Mike Miller
36%
32 Shawn Marion
27%
20 Timofey Mozgov
27%
3 Kendrick Perkins
18%
21 A.J. Price
0%
53 Alex Kirk
0%
33 Brendan Haywood
0%
12 Joe Harris
0%
89 Lou Amundson
0%
5 Will Cherry
0%
No matching quizzes found
Score Distribution
Percent of People with Each Score
Percentile by Number Answered
Your Score History
You have not taken this quiz